LIBRARY & INFORMATION CENTRE, KCAET, TAVANUR

ONLINE PUBLIC ACCESS CATALOGUE (OPAC)

Services selection board Interviews / (Record no. 1097)

MARC details
000 -LEADER
fixed length control field 00420cam a2200169ua 4500
041 ## - LANGUAGE CODE
Language code of text/sound track or separate title eng
082 ## - DEWEY DECIMAL CLASSIFICATION NUMBER
Classification number 658.31124
Item number KHA/SE
100 ## - MAIN ENTRY--AUTHOR NAME
Personal name Khanna, O.P .
245 ## - TITLE STATEMENT
Title Services selection board Interviews /
260 ## - PUBLICATION, DISTRIBUTION, ETC. (IMPRINT)
Place of publication :
Name of publisher Khanna Brothers Publishers ,
Year of publication 1967.
300 ## - PHYSICAL DESCRIPTION
Number of Pages 295 ; .
942 ## - ADDED ENTRY ELEMENTS (KOHA)
Koha item type Books
Holdings
Withdrawn status Lost status Damaged status Home library Current library Date acquired Full call number Accession Number Koha item type
      KAUAET KAUAET 07/04/2012 658.31124 KHA/SE 10756 Books
free website counter